Планирование компьютерного эксперимента по изучению теплофизических особенностей меди с использованием программы Меза; Современные техника и технологии; Т. 1

Bibliographische Detailangaben
Parent link:Современные техника и технологии: сборник трудов XVII международной научно-практической конференции студентов, аспирантов и молодых ученых, Томск, 18-22 апреля 2011 г/ Национальный исследовательский Томский политехнический университет (ТПУ).— , 2011
Т. 1.— 2011.— [С. 389-390]
1. Verfasser: Шакан Я.
Weitere Verfasser: Кректулева Р. А. Раиса Алексеевна (научный руководитель)
Zusammenfassung:Заглавие с титульного экрана
Sprache:Russisch
Veröffentlicht: 2011
Schriftenreihe:Технология, оборудование и автоматизация машиностроительных производств
Schlagworte:
Online-Zugang:http://www.lib.tpu.ru/fulltext/c/2011/C01/V01/193.pdf
Format: MixedMaterials Elektronisch Buchkapitel
KOHA link:https://koha.lib.tpu.ru/cgi-bin/koha/opac-detail.pl?biblionumber=235074

MARC

LEADER 00000naa2a2200000 4500
001 235074
005 20260225091906.0
035 |a (RuTPU)RU\TPU\book\256203 
035 |a RU\TPU\book\256161 
090 |a 235074 
100 |a 20130404d2011 k y0rusy50 ca 
101 0 |a rus 
102 |a RU 
135 |a drnn ---uucaa 
181 0 |a i  
182 0 |a b 
200 1 |a Планирование компьютерного эксперимента по изучению теплофизических особенностей меди с использованием программы Меза  |f Я. Шакан  |g науч. рук. Р. А. Кректулева 
203 |a Текст  |c электронный 
225 1 |a Технология, оборудование и автоматизация машиностроительных производств 
300 |a Заглавие с титульного экрана 
320 |a [Библиогр.: с. 390 (4 назв.)] 
337 |a Adobe Reader 
461 1 |0 (RuTPU)RU\TPU\book\255301  |t Современные техника и технологии  |o сборник трудов XVII международной научно-практической конференции студентов, аспирантов и молодых ученых, Томск, 18-22 апреля 2011 г  |o в 3 т.  |f Национальный исследовательский Томский политехнический университет (ТПУ)  |d 2011 
463 1 |0 (RuTPU)RU\TPU\book\255306  |t Т. 1  |v [С. 389-390]  |d 2011 
610 1 |a труды учёных ТПУ 
610 1 |a электронный ресурс 
610 1 |a компьютерные эксперименты 
610 1 |a теплофизические процессы 
610 1 |a медь 
700 1 |a Шакан  |b Я. 
702 1 |a Кректулева  |b Р. А.  |c специалист в области сварочного производства  |c доцент Томского политехнического университета, кандидат физико-математических наук  |f 1948-  |g Раиса Алексеевна  |4 727 
801 2 |a RU  |b 63413507  |c 20160124  |g RCR 
856 4 |u http://www.lib.tpu.ru/fulltext/c/2011/C01/V01/193.pdf 
942 |c CF